النصر المحير: (Record no. 15949)
[ view plain ]
| 000 -الفاتح | |
|---|---|
| حقل البيانات ثابتة الطول | 00853nam a22002057a 4500 |
| 008 - عناصر البيانات ثابتة الطول - معلومات عامة | |
| حقل البيانات ثابتة الطول | 110905t xxu||||g |||| 000 0 ara d |
| 082 ## - رقم تصنيف ديوى العشرى | |
| رقم الطبعة | 22 |
| رقم التصنيف | 956.04 |
| رقم المادة | د و ب |
| 100 ## - المدخل الرئيسى - إسم شخصى | |
| 9 (RLIN) | 26985 |
| الإسم الشخصى | دوبوى،تريفور ن |
| 245 ## - بيان العنوان | |
| العنوان | النصر المحير: |
| بقية العنوان | الحروب العربية-الإسرائيلية1974-1947/ |
| بيان المسئوليه,etc | تريفور ن دوبوى |
| 260 ## - PUBLICATION, DISTRIBUTION, ETC. (IMPRINT) | |
| مكان الناشر او الموزع | [القاهرة]: |
| اسم الناشر او الموزع | الهيئة العامة للإستعلامات،[د.ت] |
| تاريخ النشر أو التوزيع | [د.ت ]. |
| 300 ## - الوصف المادى | |
| التعداد | 686ص، |
| أبعاد الوعاء | 24سم. |
| 336 ## - نوع المحتوى | |
| source | rdacontent |
| Carrier Type Term | نص |
| Content Type Code | txt |
| 337 ## - نوع الوسيط | |
| Media Type Term | بدون وسيط |
| source | rdamedia |
| Media Type Code | n |
| 338 ## - نوع الحامل أو الناقل | |
| Carrier Type Term | مجلد |
| Carrier Type Code | nc |
| source | rdacarrier |
| 650 ## - المدخل الاضافى بالموضوع-مصطلح موضوعى | |
| 9 (RLIN) | 26997 |
| مصطلح موضوعي أو اسم جغرافي كعنصر مدخل | الحروب العربية الإسرائيلية |
| التقسيم الفرعي الجغرافي | مصر |
| 650 ## - المدخل الاضافى بالموضوع-مصطلح موضوعى | |
| 9 (RLIN) | 14953 |
| مصطلح موضوعي أو اسم جغرافي كعنصر مدخل | حرب أكتوبر 1973م |
| 650 ## - المدخل الاضافى بالموضوع-مصطلح موضوعى | |
| 9 (RLIN) | 14956 |
| مصطلح موضوعي أو اسم جغرافي كعنصر مدخل | حرب فلسطين 1948م |
| 653 ## - مصطلح تكشيفى غير مقيد | |
| Resource For college | |
| Arrived date list | September2011 |
| 942 ## - عناصر المدخل الإضافي( كوها) | |
| مصدر التصنيف او مخطط الترفيف | Dewey Decimal Classification |
| Koha [default] item type | Book - Borrowing |
| جزء التصنيف | RDA-MOD |
| حالة التراجع | حالة الفقد | مصدر التصنيف او خطة الترفيف | حالة تلف | ليس للاعارة | مجموعات كوها | المكان الدائم | المكان الحالي | موقع الترفيف | تاريخ الاكتساب | Source of acquisition | رقم الاستدعاء | الباركود | Date last checked out | Date last seen | مُعار | نوع الوعاء |
|---|---|---|---|---|---|---|---|---|---|---|---|---|---|---|---|---|
| Dewey Decimal Classification | Central Library | Central Library | Second Floor | 05/09/2011 | Purchase | 956.04 د و ب | 000024408 | 24/09/2018 | 21/10/2012 | 21/10/2012 | Book - Borrowing |